| 000 | 00408pam a2200157a 44500 | ||
|---|---|---|---|
| 008 | 230515b1991 xxu||||| |||| 00| 0 eng d | ||
| 020 | _aNULL | ||
| 041 | _aENGL | ||
| 082 | _a306.6 BAN. | ||
| 100 | _a"BANTHIA J. K.," | ||
| 245 | _aCENSUS OF INDIA 1991 | ||
| 250 | _a0 | ||
| 260 |
_aBOMBAY _bGOVERMENT PUBLICATIONS _c1991 |
||
| 300 | _aXXX+362 | ||
| 650 | _a"CULTURE & INSTITUTIONS,RELIGIOUS INSTITUTIONS" | ||
| 999 |
_c539469 _d539469 |
||